000 00369nam a2200145Ia 4500
003 OSt
005 20240328104508.0
008 170523s9999 xx 000 0 und d
020 _a9788126517985
040 _cIIMT UNIVERSITY MEERUT
100 _aStevenson- Susan
245 0 _aStrategies for Engineering Communication
260 _aJohn Wiley India
942 _2ddc
_c02
999 _c12469
_d12469